000 00219nam a2200097Ia 4500
008 230907s9999||||xx |||||||||||||| ||und||
082 _a621.36,STE
245 0 _aOptical coatings/
300 _axxv, 378 p.:
942 _cBK
999 _c597489
_d597489